[Event "Al Ain op 4th"]
[Site "Al Ain"]
[Date "2015.12.23"]
[Round "1"]
[White "Guliyev, Gasan Alipasha"]
[Black "Ankit, R Rajpara"]
[Result "0-1"]
[WhiteElo "2019"]
[BlackElo "2489"]
[PlyCount "119"]
[EventDate "2015.12.23"]
[EventType "swiss"]
[EventRounds "9"]
[EventCountry "UAE"]
[SourceTitle "CBM 170 Extra"]
[Source "ChessBase"]
[SourceDate "2016.02.25"]
[SourceVersion "1"]
[SourceVersionDate "2016.02.25"]
[SourceQuality "1"]

1. d4 d5 2. Nf3 Nf6 3. e3 c6 4. b3 Bf5 5. Bd3 Bg6 6. Ne5 Nbd7 7. Nxg6 hxg6 8. Bb2 e6 9. Nd2 Bd6 10. e4 dxe4 11. Nxe4 Nxe4 12. Bxe4 Ba3 13. Bxa3 Qa5+ 14. c3 Qxa3 15. 0-0 Nf6 16. Bf3 0-0 17. Qc1 Qe7 18. Qg5 Rfd8 19. Rfe1 Rac8 20. Rad1 Rd6 21. g3 Rcd8 22. Kg2 R8d7 23. h4 Qd8 24. Rh1 b6 25. Qc1 c5 26. dxc5 bxc5 27. Rxd6 Rxd6 28. Rd1 Rxd1 29. Bxd1 Qa5 30. a3 Nd5 31. b4 Qc7 32. bxc5 Qxc5 33. c4 Nb6 34. Be2 Qc6+ 35. Kh2 Nd7 36. Qg5 Qb6 37. Qe3 Qxe3 38. fxe3 Kf8 39. Kg2 Ke7 40. Kf2 Kd6 41. Ke1 Nc5 42. Bf3 Nb3 43. h5 gxh5 44. Bxh5 g6 45. Bd1 Na5 46. Ke2 Nxc4 47. a4 Ne5 48. Kd2 Kc5 49. Kc3 Nc4 50. e4 a5 51. Be2 Ne5 52. Bb5 g5 53. Be8 f6 54. Bh5 Nc4 55. Bg4 Nd6 56. Kd3 e5 57. Bd7 Kb4 58. Bc6 Nc4 59. Ke2 Nb2 60. Ke3 0-1

[Event "Novi Sad Hotel Sajam op 11"]
[Site "Novi Sad"]
[Date "2015.11.05"]
[Round "8"]
[White "Martic, Zlatko"]
[Black "Ankit, R Rajpara"]
[Result "0-1"]
[WhiteElo "2266"]
[BlackElo "2472"]
[PlyCount "64"]
[EventDate "2015.11.01"]
[EventType "swiss"]
[EventRounds "9"]
[EventCountry "SRB"]
[SourceTitle "CBM 169 Extra"]
[Source "ChessBase"]
[SourceDate "2015.12.18"]
[SourceVersion "1"]
[SourceVersionDate "2015.12.18"]
[SourceQuality "1"]

1. d4 d5 2. c4 c6 3. Nf3 Nf6 4. Nc3 e6 5. Bg5 h6 6. Bxf6 Qxf6 7. Qb3 Nd7 8. g3 Nb6 9. cxd5 exd5 10. Bg2 Bd6 11. 0-0 0-0 12. a4 Qd8 13. Rfe1 a5 14. e4 dxe4 15. Nxe4 Be6 16. Qc2 Bb4 17. Nc3 Qc7 18. Rad1 Rad8 19. Ne5 Rfe8 20. h3 f6 21. Ng6 Qf7 22. Qb1 Bb3 23. Rxe8+ Rxe8 24. Rc1 Nxa4 25. d5 Nxc3 26. bxc3 Ba3 27. dxc6 Bxc1 28. cxb7 Ba3 29. Bc6 Rb8 30. Qf5 Qe6 31. Qf3 Bc5 32. Kg2 Bd1 0-1